Stratégia riadenia kvality

Vysoká kvalita - predpoklad úspešnosti produktov na trhu. Charakteristika pojmu kvalita. Dôvody, ktoré vedú k zabezpečovaniu vysokej kvality. Riadenie kvality podľa normy ISO 8402. Systémy riadenia kvality. Niektoré zásady komplexného riadenia kvality vyrábaných výrobkov, či poskytovaných služieb, k...

Ausführliche Beschreibung

Gespeichert in:
Bibliographische Detailangaben
1. Verfasser: Bartáková, Gabriela
Format: Buchkapitel
Sprache:Slowakisch
Schlagworte:
Tags: Tag hinzufügen
Keine Tags, Fügen Sie das erste Tag hinzu!

MARC

LEADER 00000naa a2200000 4500
001 r016648
005 20221213100103.5
041 0 |a slo 
044 |a SK 
245 1 0 |a Stratégia riadenia kvality  |c G. Bartáková 
520 |a Vysoká kvalita - predpoklad úspešnosti produktov na trhu. Charakteristika pojmu kvalita. Dôvody, ktoré vedú k zabezpečovaniu vysokej kvality. Riadenie kvality podľa normy ISO 8402. Systémy riadenia kvality. Niektoré zásady komplexného riadenia kvality vyrábaných výrobkov, či poskytovaných služieb, ktoré by mal podnik dodržiavať, ak chce byť úspešný na trhu. Zostavenie tzv. projektu kvality. 
610 2 0 |a kvalita 
610 2 0 |a riadenie kvality 
610 2 0 |a systém riadenia kvality 
610 2 0 |a podnik 
610 2 0 |a trh 
610 2 0 |a ISO 8402 
100 1 |a Bartáková, Gabriela